00762 2200229 4500001002100000005001700021008004100038035002400079082001000103084002000113100001800133245014700151250001000298260008000308300002600388504001400414650003400428700001600462850001200478990002100490990002100511YOGYA-0511000000167620170412090707.0 ind  0010-051100000001675 a362.7 aDEP 362.7 Sup P aSUPARLAN, Y.B aPramusiwi dalam hubungan dengan kesejahteraan anak dan keluarga (suatu studi kasus di jombor, Sleman Yogyakarta)c/ Y.B. Suparlan, Dwi Winarni aCet.1 aYogyakartabDepsos RI Badan Penelitian dan Pengembangan Sosial BBP3KSc1994 aix, 70 hlm.c; 21 cm. ahlm 57-58 aAnak-Kesejahteraan-Penelitian aDwi Winarni aYOPDYOG aCB-D.11/1994-105 aCB-D.11/1994-106